عرض عادي
عرض مارك
مدخل Personal Name
001 - CONTROL NUMBER
- control field: 4092
003 - CONTROL NUMBER IDENTIFIER
- control field: EG-GiCUC
005 - DATE AND TIME OF LATEST TRANSACTION
- control field: 20240219142542.0
008 - FIXED-LENGTH DATA ELEMENTS
- fixed length control field: 200916n| acannaabn |b aaa d
040 ## - CATALOGING SOURCE
- Original cataloging agency: EG-GiCUC
- Language of cataloging: ara
- Transcribing agency: EG-GiCUC
100 1# - HEADING--PERSONAL NAME
- Personal name: القزوينى، جلال الدين محمد بن عبد الرحمن {u٢٠٠إ}،
- Dates associated with a name: 1267 or 1268-1338
400 1# - SEE FROM TRACING--PERSONAL NAME
- Personal name: القزويني، جلال الدين محمد بن عبد الرحمن {u٢٠٠إ}،
- Dates associated with a name: 1267 or 1268-1338
400 1# - SEE FROM TRACING--PERSONAL NAME
- Personal name: الخطيب القزوينى، محمد بن عبد الرحمن {u٢٠٠إ}
400 1# - SEE FROM TRACING--PERSONAL NAME
- Personal name: الخطيب القزوينى، محمد بن عبد الرحمن جلال الدين {u٢٠٠إ}
400 1# - SEE FROM TRACING--PERSONAL NAME
- Personal name: القزويني، محمد بن عبد الرحمن
400 0# - SEE FROM TRACING--PERSONAL NAME
- Personal name: جلال الدين محمد بن عبد الرحمن
670 ## - SOURCE DATA FOUND
- Source citation: تلخيص المفتاح،2009،
- Information found: ص.ع. )للخطيب القزوينى جلال الدين محمد بن عبد الرحمن(
700 10 - ESTABLISHED HEADING LINKING ENTRY--PERSONAL NAME
- Personal name: Qazwin̄i,̄ Jalal̄ al-Din̄ Muḥammad ibn ʻAbd al-Raḥman̄,{u200F} {u200E}
- Dates associated with a name: 1267 or 1268-1338
907 ## -
- : .a10041345
- : 10-06-21
- : 17-09-20
- : -
- : -
955 ## -
- : عمرو عبد اللطيف
- : مدخل